| 000 -LEADER |
| fixed length control field |
01442nam a2200265 4500 |
| 003 - CONTROL NUMBER IDENTIFIER |
| control field |
Ge_BSU |
| 005 - DATE AND TIME OF LATEST TRANSACTION |
| control field |
20221221110838.0 |
| 008 - FIXED-LENGTH DATA ELEMENTS--GENERAL INFORMATION |
| fixed length control field |
210604s2021 ge ||||| |||| 00| 0 eng d |
| 041 ## - LANGUAGE CODE |
| Language code of text/sound track or separate title |
eng |
| 080 ## - UNIVERSAL DECIMAL CLASSIFICATION NUMBER |
| Universal Decimal Classification number |
902 K-44 |
| 100 ## - MAIN ENTRY--PERSONAL NAME |
| Personal name |
Kilic, Sinan |
| 9 (RLIN) |
11958 |
| 245 ## - TITLE STATEMENT |
| Title |
Northeast Anotolia in the Late Bronze and Early Iron Age : |
| Remainder of title |
(14th - 7th Millennium BC) |
| Statement of responsibility, etc. |
Sinan Kilic; Supervisors Shota Mamuladze and Joni Apakidze; Batumi Shota Rustaveli University. Faculty of Humanities. Departament of History, Archaeology and Ethnology. |
| 264 ## - PRODUCTION, PUBLICATION, DISTRIBUTION, MANUFACTURE, AND COPYRIGHT NOTICE |
| Place of production, publication, distribution, manufacture |
Batumi, |
| Date of production, publication, distribution, manufacture, or copyright notice |
2021. |
| 300 ## - PHYSICAL DESCRIPTION |
| Extent |
228 p. |
| Other physical details |
30 cm. |
| 521 ## - TARGET AUDIENCE NOTE |
| Target audience note |
bibliogr. p. 161 - 204 |
| 653 ## - INDEX TERM--UNCONTROLLED |
| keyword |
ჩრდილო-აღმოსავლეთი ანოტოლია გვიან ბრინჯაოს და ადრე რკინის ხანაში |
| 653 ## - INDEX TERM--UNCONTROLLED |
| keyword |
Северо-Восточная Анотолия в эпоху поздней бронзы и раннего железного века |
| 653 ## - INDEX TERM--UNCONTROLLED |
| keyword |
დისერტაცია |
| 653 ## - INDEX TERM--UNCONTROLLED |
| keyword |
Диссертация |
| 653 ## - INDEX TERM--UNCONTROLLED |
| keyword |
Thesis |
| 700 ## - ADDED ENTRY--PERSONAL NAME |
| Personal name |
Mamuladze, Shota |
| Relator term |
სამეცნიერო ხელმძღვანელი |
| 9 (RLIN) |
11959 |
| 700 ## - ADDED ENTRY--PERSONAL NAME |
| Personal name |
Apakidze, Joni |
| Relator term |
სამეცნიერო ხელმძღვანელი |
| 9 (RLIN) |
11960 |
| 710 ## - ADDED ENTRY--CORPORATE NAME |
| Corporate name or jurisdiction name as entry element |
Batumi Shota Rustaveli University. Faculty of Humanities. |
| Date of meeting or treaty signing |
Departament of History, Archaeology and Ethnology. |
| 9 (RLIN) |
11961 |
| 942 ## - ADDED ENTRY ELEMENTS (KOHA) |
| Source of classification or shelving scheme |
|
| Koha item type |
დისერტაცია |